| 000 | 00550nam a22001697a 4500 | ||
|---|---|---|---|
| 010 | _aENG-144925 | ||
| 020 |
_a9789382968863 _c595.00 |
||
| 035 | _aEN-128457 | ||
| 037 | _bDBAD | ||
| 082 | _a000 | ||
| 100 |
_aMehta,N Gaurav _981221 |
||
| 245 |
_aThe IBPS& CMAT Encyclopaedia _cVora,N Chintan & Mehta,N Gaurav |
||
| 260 |
_c2019 _aNew Delhi _bAvni Publication |
||
| 270 |
_bNew Delhi _aRZ-45D,Street No.2,Main Sagarpur, _e110046 _k9891896481 _mavnipublication@gmail.com |
||
| 300 |
_a464p. _c22cm(PB) |
||
| 942 |
_2ddc _cEN _h000 _mMEH |
||
| 999 |
_c211302 _d211302 |
||